[Event "April 9 Late 2024"]
[Site "Chess.com"]
[Date "2024.04.09"]
[Round "3"]
[White "Pasti, Aron"]
[Black "Zampronha, Wladimir Camilo"]
[Result "1-0"]
[Board "102"]
[WhiteFideId "785857"]
[BlackFideId "2103087"]
[WhiteTitle "IM"]
[WhiteElo "2609"]
[BlackElo "2422"]
[WhiteTeam "HUN"]
[BlackTeam "BRA"]
[WhiteClock "0:02:25"]
[BlackClock "0:02:08"]
[Variant "Standard"]

1. e4 {[%clk 0:02:47]}  c5 {[%clk 0:02:59]} 2. Nf3 {[%clk 0:02:46]}  e6 {[%clk 0:03:00]} 3. d4 {[%clk 0:02:41]}  cxd4 {[%clk 0:03:01]} 4. Nxd4 {[%clk 0:02:42]}  Nc6 {[%clk 0:03:01]} 5. Nc3 {[%clk 0:02:42]}  Qc7 {[%clk 0:03:01]} 6. Be3 {[%clk 0:02:43]}  a6 {[%clk 0:03:02]} 7. Qf3 {[%clk 0:02:42]}  Nf6 {[%clk 0:02:54]} 8. O-O-O {[%clk 0:02:42]}  Ne5 {[%clk 0:02:47]} 9. Qg3 {[%clk 0:02:42]}  d6 {[%clk 0:02:47]} 10. f4 {[%clk 0:02:42]}  Ng6 {[%clk 0:02:45]} 11. h4 {[%clk 0:02:34]}  h5 {[%clk 0:02:39]} 12. Nxe6 {[%clk 0:02:31]}  Bxe6 {[%clk 0:02:37]} 13. f5 {[%clk 0:02:31]}  O-O-O {[%clk 0:02:29]} 14. fxe6 {[%clk 0:02:30]}  fxe6 {[%clk 0:02:30]} 15. Qxg6 {[%clk 0:02:30]}  d5 {[%clk 0:02:24]} 16. exd5 {[%clk 0:02:29]}  exd5 {[%clk 0:02:24]} 17. Qf5+ {[%clk 0:02:29]}  Kb8 {[%clk 0:02:22]} 18. Be2 {[%clk 0:02:26]}  Bb4 {[%clk 0:02:19]} 19. Nxd5 {[%clk 0:02:24]}  Nxd5 {[%clk 0:02:11]} 20. Rxd5 {[%clk 0:02:25]}  Rde8 {[%clk 0:02:08]} 21. Bf4 {[%clk 0:02:25]} 1-0

[Event "April 9 Late 2024"]
[Site "Chess.com"]
[Date "2024.04.09"]
[Round "3"]
[White "Zavgorodniy, Sergiy"]
[Black "Torres, Yelfry"]
[Result "1-0"]
[Board "104"]
[WhiteFideId "14110148"]
[BlackFideId "6401066"]
[WhiteTitle "IM"]
[WhiteElo "2604"]
[BlackElo "2421"]
[WhiteTeam "UKR"]
[BlackTeam "DOM"]
[WhiteClock "0:00:47"]
[BlackClock "0:00:13"]
[Variant "Standard"]

1. d4 {[%clk 0:03:00]}  d6 {[%clk 0:02:58]} 2. c4 {[%clk 0:03:00]}  Nf6 {[%clk 0:02:57]} 3. Nc3 {[%clk 0:03:00]}  Nbd7 {[%clk 0:02:57]} 4. Nf3 {[%clk 0:02:59]}  e5 {[%clk 0:02:57]} 5. e4 {[%clk 0:02:59]}  Be7 {[%clk 0:02:56]} 6. Be2 {[%clk 0:02:59]}  O-O {[%clk 0:02:55]} 7. O-O {[%clk 0:02:58]}  c6 {[%clk 0:02:54]} 8. b3 {[%clk 0:02:55]}  Re8 {[%clk 0:02:53]} 9. Bb2 {[%clk 0:02:55]}  Qc7 {[%clk 0:02:53]} 10. Qd2 {[%clk 0:02:50]}  a6 {[%clk 0:02:48]} 11. Rac1 {[%clk 0:02:46]}  Qb8 {[%clk 0:02:23]} 12. a4 {[%clk 0:02:44]}  a5 {[%clk 0:02:22]} 13. Rfd1 {[%clk 0:02:42]}  b6 {[%clk 0:02:02]} 14. Qc2 {[%clk 0:02:38]}  Ba6 {[%clk 0:01:31]} 15. Ba1 {[%clk 0:02:34]}  h6 {[%clk 0:01:30]} 16. Qb1 {[%clk 0:02:31]}  Bf8 {[%clk 0:01:27]} 17. h3 {[%clk 0:02:29]}  Qa7 {[%clk 0:01:21]} 18. Bf1 {[%clk 0:02:27]}  Rab8 {[%clk 0:01:19]} 19. Rd2 {[%clk 0:02:25]}  g6 {[%clk 0:01:15]} 20. Rcd1 {[%clk 0:02:25]}  h5 {[%clk 0:01:16]} 21. Bb2 {[%clk 0:02:23]}  Bh6 {[%clk 0:01:15]} 22. Rd3 {[%clk 0:02:19]}  Qc7 {[%clk 0:01:15]} 23. Ba3 {[%clk 0:02:18]}  Bf8 {[%clk 0:01:15]} 24. R3d2 {[%clk 0:02:17]}  Rbd8 {[%clk 0:01:10]} 25. g3 {[%clk 0:02:13]}  Bh6 {[%clk 0:01:06]} 26. Rd3 {[%clk 0:02:12]}  Bf8 {[%clk 0:01:06]} 27. Bg2 {[%clk 0:02:11]}  Bb7 {[%clk 0:01:05]} 28. Kh2 {[%clk 0:02:10]}  Ba6 {[%clk 0:00:54]} 29. R3d2 {[%clk 0:02:10]}  Bb7 {[%clk 0:00:54]} 30. Qc2 {[%clk 0:02:08]}  Ba6 {[%clk 0:00:54]} 31. Qb1 {[%clk 0:02:00]}  Qb8 {[%clk 0:00:52]} 32. Re2 {[%clk 0:01:55]}  Qc7 {[%clk 0:00:52]} 33. Qc2 {[%clk 0:01:54]}  Bb7 {[%clk 0:00:51]} 34. Ree1 {[%clk 0:01:50]}  Ba6 {[%clk 0:00:50]} 35. Qb1 {[%clk 0:01:46]}  Qb8 {[%clk 0:00:49]} 36. d5 {[%clk 0:01:43]}  cxd5 {[%clk 0:00:46]} 37. cxd5 {[%clk 0:01:39]}  Nc5 {[%clk 0:00:45]} 38. Bf1 {[%clk 0:01:31]}  Bxf1 {[%clk 0:00:42]} 39. Rxf1 {[%clk 0:01:32]}  Bh6 {[%clk 0:00:38]} 40. Rfe1 {[%clk 0:01:30]}  Rf8 {[%clk 0:00:36]} 41. Nb5 {[%clk 0:01:30]}  Nh7 {[%clk 0:00:31]} 42. Bc1 {[%clk 0:01:22]}  Bg7 {[%clk 0:00:27]} 43. Kg2 {[%clk 0:01:18]}  f5 {[%clk 0:00:26]} 44. exf5 {[%clk 0:01:17]}  Rxf5 {[%clk 0:00:26]} 45. Nh4 {[%clk 0:01:15]}  Rdf8 {[%clk 0:00:23]} 46. Nxf5 {[%clk 0:01:12]}  Rxf5 {[%clk 0:00:24]} 47. Be3 {[%clk 0:01:08]}  Qf8 {[%clk 0:00:23]} 48. Rf1 {[%clk 0:01:07]}  Bh6 {[%clk 0:00:24]} 49. Bxh6 {[%clk 0:01:04]}  Qxh6 {[%clk 0:00:23]} 50. Nxd6 {[%clk 0:01:05]}  Rf6 {[%clk 0:00:21]} 51. Ne4 {[%clk 0:01:03]}  Nxe4 {[%clk 0:00:20]} 52. Qxe4 {[%clk 0:01:04]}  Ng5 {[%clk 0:00:19]} 53. Qxe5 {[%clk 0:01:01]}  Rf5 {[%clk 0:00:19]} 54. Qe8+ {[%clk 0:01:01]}  Kh7 {[%clk 0:00:19]} 55. d6 {[%clk 0:00:56]}  Qg7 {[%clk 0:00:18]} 56. d7 {[%clk 0:00:54]}  Re5 {[%clk 0:00:18]} 57. d8=Q {[%clk 0:00:50]}  Qb7+ {[%clk 0:00:18]} 58. f3 {[%clk 0:00:48]}  Re2+ {[%clk 0:00:13]} 59. Qxe2 {[%clk 0:00:47]} 1-0

[Event "April 9 Late 2024"]
[Site "Chess.com"]
[Date "2024.04.09"]
[Round "3"]
[White "Jegorovas, Aleksandras"]
[Black "Tulchynskyi, Feliks"]
[Result "1-0"]
[Board "105"]
[WhiteFideId "12801950"]
[BlackFideId "34127895"]
[WhiteTitle "FM"]
[BlackTitle "FM"]
[WhiteElo "2420"]
[BlackElo "2601"]
[WhiteTeam "LTU"]
[BlackTeam "UKR"]
[WhiteClock "0:00:19"]
[BlackClock "0:00:06"]
[Variant "Standard"]

1. e4 {[%clk 0:02:59]}  e6 {[%clk 0:02:57]} 2. d4 {[%clk 0:02:59]}  d5 {[%clk 0:02:57]} 3. e5 {[%clk 0:02:59]}  c5 {[%clk 0:02:57]} 4. c3 {[%clk 0:03:00]}  Bd7 {[%clk 0:02:56]} 5. Nf3 {[%clk 0:02:59]}  Qb6 {[%clk 0:02:57]} 6. Na3 {[%clk 0:02:59]}  Ne7 {[%clk 0:02:46]} 7. Nc2 {[%clk 0:02:55]}  h5 {[%clk 0:02:39]} 8. dxc5 {[%clk 0:02:54]}  Qxc5 {[%clk 0:02:38]} 9. Ncd4 {[%clk 0:02:54]}  a6 {[%clk 0:02:37]} 10. Bd3 {[%clk 0:02:49]}  Nbc6 {[%clk 0:02:36]} 11. Be3 {[%clk 0:02:48]}  Nxd4 {[%clk 0:02:36]} 12. Nxd4 {[%clk 0:02:46]}  Qc7 {[%clk 0:02:35]} 13. O-O {[%clk 0:02:36]}  Qxe5 {[%clk 0:02:25]} 14. Re1 {[%clk 0:02:35]}  Qd6 {[%clk 0:02:20]} 15. c4 {[%clk 0:02:23]}  e5 {[%clk 0:02:12]} 16. Nf3 {[%clk 0:01:53]}  d4 {[%clk 0:02:07]} 17. Bd2 {[%clk 0:01:42]}  f6 {[%clk 0:02:03]} 18. c5 {[%clk 0:01:37]}  Qc7 {[%clk 0:01:57]} 19. b4 {[%clk 0:01:33]}  Bc6 {[%clk 0:01:56]} 20. Qb3 {[%clk 0:01:26]}  Bd5 {[%clk 0:01:55]} 21. Bc4 {[%clk 0:01:26]}  Bxc4 {[%clk 0:01:48]} 22. Qxc4 {[%clk 0:01:26]}  Qc6 {[%clk 0:01:42]} 23. a4 {[%clk 0:01:20]}  Qd5 {[%clk 0:01:38]} 24. Qxd5 {[%clk 0:01:19]}  Nxd5 {[%clk 0:01:38]} 25. Nxd4 {[%clk 0:01:20]}  O-O-O {[%clk 0:01:35]} 26. Ne6 {[%clk 0:01:17]}  Re8 {[%clk 0:01:36]} 27. Nxf8 {[%clk 0:01:14]}  Rhxf8 {[%clk 0:01:36]} 28. b5 {[%clk 0:01:13]}  Nc7 {[%clk 0:01:33]} 29. Ba5 {[%clk 0:01:09]}  Rf7 {[%clk 0:01:28]} 30. c6 {[%clk 0:01:05]}  Nd5 {[%clk 0:01:14]} 31. Red1 {[%clk 0:01:01]}  Nf4 {[%clk 0:01:11]} 32. Kf1 {[%clk 0:00:55]}  Ne6 {[%clk 0:01:07]} 33. Bb6 {[%clk 0:00:51]}  bxc6 {[%clk 0:00:47]} 34. bxc6 {[%clk 0:00:51]}  Nc7 {[%clk 0:00:44]} 35. Rd6 {[%clk 0:00:47]}  Rfe7 {[%clk 0:00:33]} 36. Rad1 {[%clk 0:00:41]}  Re6 {[%clk 0:00:32]} 37. Bxc7 {[%clk 0:00:42]}  Kxc7 {[%clk 0:00:32]} 38. Rd7+ {[%clk 0:00:42]}  Kxc6 {[%clk 0:00:32]} 39. Rxg7 {[%clk 0:00:43]}  Rb8 {[%clk 0:00:26]} 40. g3 {[%clk 0:00:33]}  Rb4 {[%clk 0:00:25]} 41. Rc1+ {[%clk 0:00:33]}  Kb6 {[%clk 0:00:21]} 42. Rh7 {[%clk 0:00:32]}  Rxa4 {[%clk 0:00:20]} 43. Rxh5 {[%clk 0:00:32]}  Rd6 {[%clk 0:00:19]} 44. Rh8 {[%clk 0:00:31]}  Ra2 {[%clk 0:00:18]} 45. Rb8+ {[%clk 0:00:31]}  Ka5 {[%clk 0:00:15]} 46. Rb3 {[%clk 0:00:27]}  Ka4 {[%clk 0:00:15]} 47. Rf3 {[%clk 0:00:26]}  Rb6 {[%clk 0:00:13]} 48. h4 {[%clk 0:00:25]}  Rd2 {[%clk 0:00:09]} 49. h5 {[%clk 0:00:25]}  Rd8 {[%clk 0:00:06]} 50. Ra1+ {[%clk 0:00:24]}  Kb5 {[%clk 0:00:06]} 51. Rb1+ {[%clk 0:00:24]}  Kc6 {[%clk 0:00:06]} 52. Rxb6+ {[%clk 0:00:24]}  Kxb6 {[%clk 0:00:07]} 53. Rxf6+ {[%clk 0:00:24]}  Kb5 {[%clk 0:00:07]} 54. Re6 {[%clk 0:00:24]}  Rd5 {[%clk 0:00:04]} 55. h6 {[%clk 0:00:24]}  a5 {[%clk 0:00:04]} 56. h7 {[%clk 0:00:23]}  Rd8 {[%clk 0:00:05]} 57. Rxe5+ {[%clk 0:00:23]}  Kb4 {[%clk 0:00:06]} 58. g4 {[%clk 0:00:24]}  a4 {[%clk 0:00:05]} 59. g5 {[%clk 0:00:24]}  a3 {[%clk 0:00:05]} 60. Re7 {[%clk 0:00:20]}  Ra8 {[%clk 0:00:04]} 61. Re1 {[%clk 0:00:18]}  a2 {[%clk 0:00:02]} 62. g6 {[%clk 0:00:18]}  a1=Q {[%clk 0:00:01]} 63. Rxa1 {[%clk 0:00:18]}  Rxa1+ {[%clk 0:00:02]} 64. Kg2 {[%clk 0:00:17]}  Ra6 {[%clk 0:00:03]} 65. h8=Q {[%clk 0:00:17]}  Rxg6+ {[%clk 0:00:02]} 66. Kf3 {[%clk 0:00:18]}  Rd6 {[%clk 0:00:01]} 67. Qf8 {[%clk 0:00:17]}  Kc5 {[%clk 0:00:02]} 68. Ke4 {[%clk 0:00:17]}  Kc6 {[%clk 0:00:02]} 69. Ke5 {[%clk 0:00:18]}  Rd5+ {[%clk 0:00:03]} 70. Ke6 {[%clk 0:00:18]}  Rd4 {[%clk 0:00:03]} 71. Qf3+ {[%clk 0:00:17]}  Kc5 {[%clk 0:00:02]} 72. Qe3 {[%clk 0:00:17]}  Kc4 {[%clk 0:00:03]} 73. Qxd4+ {[%clk 0:00:17]}  Kxd4 {[%clk 0:00:03]} 74. f4 {[%clk 0:00:18]}  Ke4 {[%clk 0:00:04]} 75. f5 {[%clk 0:00:18]}  Kf4 {[%clk 0:00:04]} 76. f6 {[%clk 0:00:19]}  Kg5 {[%clk 0:00:05]} 77. f7 {[%clk 0:00:19]}  Kg6 {[%clk 0:00:06]} 78. f8=Q {[%clk 0:00:20]}  Kg5 {[%clk 0:00:06]} 79. Qf5+ {[%clk 0:00:18]}  Kh6 {[%clk 0:00:05]} 80. Qg4 {[%clk 0:00:18]}  Kh7 {[%clk 0:00:05]} 81. Kf7 {[%clk 0:00:19]}  Kh8 {[%clk 0:00:06]} 82. Qg7# {[%clk 0:00:19]} 1-0

[Event "April 9 Late 2024"]
[Site "Chess.com"]
[Date "2024.04.09"]
[Round "3"]
[White "Jaque Gutierrez, Matias"]
[Black "Bernotas, Arturs"]
[Result "0-1"]
[Board "106"]
[WhiteFideId "3426980"]
[BlackFideId "11601426"]
[WhiteTitle "CM"]
[BlackTitle "FM"]
[WhiteElo "2420"]
[BlackElo "2600"]
[WhiteTeam "CHI"]
[BlackTeam "LAT"]
[WhiteClock "0:00:05"]
[BlackClock "0:00:20"]
[Variant "Standard"]

1. c4 {[%clk 0:03:00]}  Nf6 {[%clk 0:03:00]} 2. g3 {[%clk 0:03:01]}  e6 {[%clk 0:03:00]} 3. Bg2 {[%clk 0:03:01]}  d5 {[%clk 0:03:01]} 4. Nf3 {[%clk 0:03:02]}  Be7 {[%clk 0:03:01]} 5. O-O {[%clk 0:03:02]}  O-O {[%clk 0:03:01]} 6. b3 {[%clk 0:03:03]}  c5 {[%clk 0:03:02]} 7. cxd5 {[%clk 0:02:56]}  Nxd5 {[%clk 0:03:01]} 8. d4 {[%clk 0:02:45]}  cxd4 {[%clk 0:03:02]} 9. Nxd4 {[%clk 0:02:43]}  Nc6 {[%clk 0:03:03]} 10. Nxc6 {[%clk 0:02:39]}  bxc6 {[%clk 0:03:04]} 11. Bb2 {[%clk 0:02:40]}  Bf6 {[%clk 0:03:02]} 12. Qc1 {[%clk 0:02:27]}  Ba6 {[%clk 0:03:02]} 13. Re1 {[%clk 0:02:21]}  Rc8 {[%clk 0:02:59]} 14. Nd2 {[%clk 0:02:13]}  c5 {[%clk 0:02:59]} 15. Nc4 {[%clk 0:02:12]}  Bxb2 {[%clk 0:02:40]} 16. Qxb2 {[%clk 0:02:09]}  Bxc4 {[%clk 0:02:34]} 17. bxc4 {[%clk 0:02:09]}  Nb6 {[%clk 0:02:35]} 18. Red1 {[%clk 0:01:48]}  Qc7 {[%clk 0:02:33]} 19. Qc3 {[%clk 0:01:42]}  Rfd8 {[%clk 0:02:30]} 20. e3 {[%clk 0:01:32]}  Rd6 {[%clk 0:02:24]} 21. Rxd6 {[%clk 0:01:27]}  Qxd6 {[%clk 0:02:25]} 22. a4 {[%clk 0:01:27]}  Rd8 {[%clk 0:02:19]} 23. a5 {[%clk 0:01:26]}  Nd7 {[%clk 0:02:19]} 24. h4 {[%clk 0:01:21]}  Ne5 {[%clk 0:02:20]} 25. Rb1 {[%clk 0:01:14]}  f6 {[%clk 0:02:08]} 26. h5 {[%clk 0:00:33]}  a6 {[%clk 0:02:03]} 27. Be4 {[%clk 0:00:22]}  f5 {[%clk 0:00:56]} 28. Bg2 {[%clk 0:00:20]}  Qd3 {[%clk 0:00:25]} 29. Qxd3 {[%clk 0:00:16]}  Rxd3 {[%clk 0:00:26]} 30. Rb6 {[%clk 0:00:11]}  Kf7 {[%clk 0:00:26]} 31. Rxa6 {[%clk 0:00:11]}  Rd1+ {[%clk 0:00:27]} 32. Bf1 {[%clk 0:00:11]}  Nxc4 {[%clk 0:00:28]} 33. Ra7+ {[%clk 0:00:11]}  Kf6 {[%clk 0:00:28]} 34. Kg2 {[%clk 0:00:11]}  Nd2 {[%clk 0:00:28]} 35. Be2 {[%clk 0:00:11]}  Re1 {[%clk 0:00:27]} 36. Bb5 {[%clk 0:00:11]}  c4 {[%clk 0:00:27]} 37. Rc7 {[%clk 0:00:11]}  Rb1 {[%clk 0:00:26]} 38. Rc5 {[%clk 0:00:06]}  Ne4 {[%clk 0:00:21]} 39. Rc6 {[%clk 0:00:06]}  Rxb5 {[%clk 0:00:21]} 40. a6 {[%clk 0:00:05]}  Ra5 {[%clk 0:00:22]} 41. Rxc4 {[%clk 0:00:05]}  Rxa6 {[%clk 0:00:21]} 42. g4 {[%clk 0:00:05]}  Ra2 {[%clk 0:00:21]} 43. gxf5 {[%clk 0:00:05]}  exf5 {[%clk 0:00:19]} 44. Rc6+ {[%clk 0:00:05]}  Kg5 {[%clk 0:00:20]} 45. h6 {[%clk 0:00:05]}  gxh6 {[%clk 0:00:20]} 46. Rc7 {[%clk 0:00:06]}  Rxf2+ {[%clk 0:00:19]} 47. Kg1 {[%clk 0:00:06]}  Re2 {[%clk 0:00:20]} 48. Rxh7 {[%clk 0:00:06]}  Rxe3 {[%clk 0:00:20]} 49. Rg7+ {[%clk 0:00:05]}  Kf4 {[%clk 0:00:20]} 0-1

[Event "April 9 Late 2024"]
[Site "Chess.com"]
[Date "2024.04.09"]
[Round "3"]
[White "Ciolacu, Alessia-Mihaela"]
[Black "Ambartsumova, Karina"]
[Result "0-1"]
[Board "107"]
[WhiteFideId "1252640"]
[BlackFideId "4166299"]
[WhiteTitle "WIM"]
[BlackTitle "IM"]
[WhiteElo "2406"]
[BlackElo "2595"]
[WhiteTeam "ROU"]
[BlackTeam "RUS"]
[WhiteClock "0:00:08"]
[BlackClock "0:00:42"]
[Variant "Standard"]

1. c4 {[%clk 0:03:00]}  e6 {[%clk 0:02:59]} 2. Nc3 {[%clk 0:02:58]}  d5 {[%clk 0:02:58]} 3. d4 {[%clk 0:02:56]}  Nf6 {[%clk 0:02:58]} 4. cxd5 {[%clk 0:02:56]}  exd5 {[%clk 0:02:59]} 5. Bg5 {[%clk 0:02:56]}  c6 {[%clk 0:02:59]} 6. e3 {[%clk 0:02:57]}  Be7 {[%clk 0:03:00]} 7. Bd3 {[%clk 0:02:57]}  Nbd7 {[%clk 0:03:01]} 8. Nf3 {[%clk 0:02:56]}  h6 {[%clk 0:03:01]} 9. Bh4 {[%clk 0:02:54]}  Nh5 {[%clk 0:03:02]} 10. Bxe7 {[%clk 0:02:54]}  Qxe7 {[%clk 0:03:03]} 11. Qc2 {[%clk 0:02:52]}  Nf4 {[%clk 0:03:02]} 12. Bf1 {[%clk 0:02:52]}  Ng6 {[%clk 0:02:45]} 13. Bd3 {[%clk 0:02:44]}  Nh4 {[%clk 0:02:45]} 14. Nxh4 {[%clk 0:02:39]}  Qxh4 {[%clk 0:02:46]} 15. O-O-O {[%clk 0:02:40]}  Nb6 {[%clk 0:02:34]} 16. Kb1 {[%clk 0:02:29]}  Be6 {[%clk 0:02:30]} 17. Rc1 {[%clk 0:02:22]}  O-O-O {[%clk 0:02:25]} 18. g3 {[%clk 0:02:18]}  Qf6 {[%clk 0:02:24]} 19. a4 {[%clk 0:02:10]}  Kb8 {[%clk 0:02:12]} 20. a5 {[%clk 0:02:01]}  Nc4 {[%clk 0:02:12]} 21. Bxc4 {[%clk 0:01:57]}  dxc4 {[%clk 0:02:13]} 22. Na2 {[%clk 0:01:32]}  Rhe8 {[%clk 0:02:05]} 23. Ka1 {[%clk 0:01:31]}  Bd5 {[%clk 0:01:59]} 24. Rhe1 {[%clk 0:01:26]}  Qf3 {[%clk 0:01:57]} 25. Nc3 {[%clk 0:01:10]}  Be6 {[%clk 0:01:49]} 26. h4 {[%clk 0:01:07]}  Bf5 {[%clk 0:01:42]} 27. Qd2 {[%clk 0:01:04]}  Re6 {[%clk 0:01:29]} 28. Qe2 {[%clk 0:00:48]}  Qxe2 {[%clk 0:01:14]} 29. Nxe2 {[%clk 0:00:49]}  Bd3 {[%clk 0:01:02]} 30. Nf4 {[%clk 0:00:48]}  Rf6 {[%clk 0:01:02]} 31. h5 {[%clk 0:00:32]}  g5 {[%clk 0:00:59]} 32. hxg6 {[%clk 0:00:31]}  fxg6 {[%clk 0:00:59]} 33. Rcd1 {[%clk 0:00:28]}  Be4 {[%clk 0:00:47]} 34. Rc1 {[%clk 0:00:22]}  g5 {[%clk 0:00:46]} 35. Ne2 {[%clk 0:00:13]}  Rd5 {[%clk 0:00:42]} 36. Rxc4 {[%clk 0:00:08]}  Rxa5+ {[%clk 0:00:42]} 0-1

[Event "April 9 Late 2024"]
[Site "Chess.com"]
[Date "2024.04.09"]
[Round "3"]
[White "Silva, Miguel Antonio Neto"]
[Black "Semenenko, Dmytry"]
[Result "0-1"]
[Board "108"]
[WhiteFideId "1911929"]
[BlackFideId "14118645"]
[WhiteElo "2594"]
[BlackElo "2399"]
[WhiteTeam "POR"]
[BlackTeam "UKR"]
[WhiteClock "0:00:25"]
[BlackClock "0:01:36"]
[Variant "Standard"]

1. e4 {[%clk 0:03:00]}  Nf6 {[%clk 0:03:00]} 2. e5 {[%clk 0:02:57]}  Nd5 {[%clk 0:03:00]} 3. d4 {[%clk 0:02:57]}  d6 {[%clk 0:03:01]} 4. Nf3 {[%clk 0:02:57]}  Bg4 {[%clk 0:03:00]} 5. exd6 {[%clk 0:02:57]}  cxd6 {[%clk 0:03:00]} 6. c4 {[%clk 0:02:57]}  Nb6 {[%clk 0:03:01]} 7. h3 {[%clk 0:02:55]}  Bxf3 {[%clk 0:02:56]} 8. Qxf3 {[%clk 0:02:53]}  Nc6 {[%clk 0:02:57]} 9. Be3 {[%clk 0:02:51]}  g6 {[%clk 0:02:56]} 10. Nc3 {[%clk 0:02:50]}  Bg7 {[%clk 0:02:55]} 11. Qd1 {[%clk 0:02:46]}  O-O {[%clk 0:02:51]} 12. Rc1 {[%clk 0:02:46]}  d5 {[%clk 0:02:48]} 13. c5 {[%clk 0:02:46]}  Nc4 {[%clk 0:02:48]} 14. Be2 {[%clk 0:02:12]}  Nxe3 {[%clk 0:02:37]} 15. fxe3 {[%clk 0:02:12]}  e5 {[%clk 0:02:37]} 16. dxe5 {[%clk 0:02:01]}  Qh4+ {[%clk 0:02:37]} 17. Kf1 {[%clk 0:01:56]}  Nxe5 {[%clk 0:02:29]} 18. Qe1 {[%clk 0:01:37]}  Qg5 {[%clk 0:02:18]} 19. Qf2 {[%clk 0:01:35]}  Nc4 {[%clk 0:02:09]} 20. Bxc4 {[%clk 0:01:31]}  dxc4 {[%clk 0:02:10]} 21. Qf4 {[%clk 0:01:19]}  Qxc5 {[%clk 0:02:08]} 22. Kf2 {[%clk 0:01:13]}  Rfe8 {[%clk 0:01:55]} 23. Rhe1 {[%clk 0:01:13]}  Re7 {[%clk 0:01:42]} 24. Rcd1 {[%clk 0:01:09]}  Rae8 {[%clk 0:01:41]} 25. Nd5 {[%clk 0:01:05]}  Re5 {[%clk 0:01:36]} 26. Qd4 {[%clk 0:00:25]}  Rf5+ {[%clk 0:01:36]} 0-1

[Event "April 9 Late 2024"]
[Site "Chess.com"]
[Date "2024.04.09"]
[Round "3"]
[White "Li, Hui"]
[Black "Olhovik, Andrei"]
[Result "0-1"]
[Board "110"]
[WhiteFideId "15400310"]
[BlackFideId "13507397"]
[WhiteTitle "CM"]
[BlackTitle "FM"]
[WhiteElo "2389"]
[BlackElo "2586"]
[WhiteTeam "MAC"]
[BlackTeam "FID"]
[WhiteClock "0:00:02"]
[BlackClock "0:00:42"]
[Variant "Standard"]

1. e4 {[%clk 0:03:00]}  c5 {[%clk 0:02:58]} 2. Nf3 {[%clk 0:03:01]}  e6 {[%clk 0:02:58]} 3. d4 {[%clk 0:03:01]}  cxd4 {[%clk 0:02:58]} 4. Nxd4 {[%clk 0:03:02]}  Bc5 {[%clk 0:02:59]} 5. Nb3 {[%clk 0:03:01]}  Bb6 {[%clk 0:02:59]} 6. Bd3 {[%clk 0:03:01]}  Ne7 {[%clk 0:02:59]} 7. Qe2 {[%clk 0:03:00]}  O-O {[%clk 0:02:58]} 8. Be3 {[%clk 0:03:00]}  Bxe3 {[%clk 0:02:58]} 9. Qxe3 {[%clk 0:03:01]}  f5 {[%clk 0:02:58]} 10. exf5 {[%clk 0:02:56]}  Nxf5 {[%clk 0:02:58]} 11. Bxf5 {[%clk 0:02:52]}  Rxf5 {[%clk 0:02:58]} 12. O-O {[%clk 0:02:52]}  d5 {[%clk 0:02:56]} 13. N1d2 {[%clk 0:02:40]}  e5 {[%clk 0:02:56]} 14. c3 {[%clk 0:02:34]}  Nc6 {[%clk 0:02:55]} 15. Nf3 {[%clk 0:02:30]}  Qf6 {[%clk 0:02:48]} 16. Rfe1 {[%clk 0:02:28]}  e4 {[%clk 0:02:26]} 17. Nfd4 {[%clk 0:02:26]}  Rg5 {[%clk 0:02:25]} 18. Nxc6 {[%clk 0:02:18]}  bxc6 {[%clk 0:02:25]} 19. Nd4 {[%clk 0:01:44]}  Bg4 {[%clk 0:02:17]} 20. b4 {[%clk 0:01:38]}  Rf8 {[%clk 0:02:09]} 21. a4 {[%clk 0:01:27]}  Qg6 {[%clk 0:02:02]} 22. Kh1 {[%clk 0:01:23]}  Bd7 {[%clk 0:01:45]} 23. Rg1 {[%clk 0:01:22]}  Rh5 {[%clk 0:01:45]} 24. Rad1 {[%clk 0:01:02]}  Qd6 {[%clk 0:01:42]} 25. h3 {[%clk 0:00:57]}  Rf4 {[%clk 0:01:22]} 26. Qg3 {[%clk 0:00:44]}  Qh6 {[%clk 0:01:19]} 27. Kh2 {[%clk 0:00:25]}  Rg5 {[%clk 0:01:12]} 28. Qxf4 {[%clk 0:00:15]}  Rxg2+ {[%clk 0:01:11]} 29. Rxg2 {[%clk 0:00:16]}  Qxf4+ {[%clk 0:01:12]} 30. Kg1 {[%clk 0:00:14]}  Bxh3 {[%clk 0:01:11]} 31. Rg3 {[%clk 0:00:15]}  Bd7 {[%clk 0:01:10]} 32. Ne2 {[%clk 0:00:13]}  Qf6 {[%clk 0:01:09]} 33. c4 {[%clk 0:00:12]}  Be6 {[%clk 0:01:08]} 34. cxd5 {[%clk 0:00:12]}  Bxd5 {[%clk 0:01:07]} 35. b5 {[%clk 0:00:10]}  h5 {[%clk 0:00:47]} 36. Nc3 {[%clk 0:00:09]}  h4 {[%clk 0:00:46]} 37. Rg2 {[%clk 0:00:06]}  Qf3 {[%clk 0:00:43]} 38. Nxd5 {[%clk 0:00:05]}  Qxd1+ {[%clk 0:00:43]} 39. Kh2 {[%clk 0:00:02]}  cxd5 {[%clk 0:00:42]} 0-1

[Event "April 9 Late 2024"]
[Site "Chess.com"]
[Date "2024.04.09"]
[Round "3"]
[White "Storn, Justin"]
[Black "Yagupov, Igor"]
[Result "0-1"]
[Board "111"]
[WhiteFideId "30922720"]
[BlackFideId "4113632"]
[BlackTitle "GM"]
[WhiteElo "2388"]
[BlackElo "2585"]
[WhiteTeam "USA"]
[BlackTeam "RUS"]
[WhiteClock "0:00:00"]
[BlackClock "0:00:48"]
[Variant "Standard"]

1. b3 {[%clk 0:02:57]}  d5 {[%clk 0:02:58]} 2. Bb2 {[%clk 0:02:57]}  Bg4 {[%clk 0:02:57]} 3. h3 {[%clk 0:02:55]}  Bh5 {[%clk 0:02:56]} 4. g4 {[%clk 0:02:54]}  Bg6 {[%clk 0:02:56]} 5. d3 {[%clk 0:02:52]}  Nd7 {[%clk 0:02:55]} 6. f4 {[%clk 0:02:48]}  e6 {[%clk 0:02:50]} 7. Nf3 {[%clk 0:02:41]}  h5 {[%clk 0:02:44]} 8. g5 {[%clk 0:02:28]}  h4 {[%clk 0:02:43]} 9. Nbd2 {[%clk 0:02:26]}  Ne7 {[%clk 0:02:33]} 10. Bg2 {[%clk 0:02:16]}  Nf5 {[%clk 0:02:29]} 11. Qc1 {[%clk 0:02:03]}  Ne3 {[%clk 0:02:20]} 12. Kf2 {[%clk 0:02:01]}  Nxg2 {[%clk 0:02:19]} 13. Kxg2 {[%clk 0:02:01]}  c5 {[%clk 0:02:14]} 14. e4 {[%clk 0:02:00]}  d4 {[%clk 0:02:09]} 15. a4 {[%clk 0:01:57]}  f6 {[%clk 0:02:04]} 16. Nc4 {[%clk 0:01:53]}  Be7 {[%clk 0:02:00]} 17. Kh2 {[%clk 0:01:41]}  fxg5 {[%clk 0:01:56]} 18. Rg1 {[%clk 0:01:39]}  Rh5 {[%clk 0:01:45]} 19. fxg5 {[%clk 0:01:17]}  Qc7+ {[%clk 0:01:44]} 20. e5 {[%clk 0:01:17]}  Bf5 {[%clk 0:01:37]} 21. b4 {[%clk 0:00:59]}  Nf8 {[%clk 0:01:31]} 22. bxc5 {[%clk 0:00:54]}  Bxc5 {[%clk 0:01:30]} 23. Ba3 {[%clk 0:00:53]}  O-O-O {[%clk 0:01:25]} 24. Rb1 {[%clk 0:00:47]}  Ng6 {[%clk 0:01:22]} 25. Bxc5 {[%clk 0:00:38]}  Qxc5 {[%clk 0:01:20]} 26. Rb5 {[%clk 0:00:35]}  Qc7 {[%clk 0:01:20]} 27. Nd6+ {[%clk 0:00:36]}  Rxd6 {[%clk 0:01:19]} 28. exd6 {[%clk 0:00:35]}  Qxd6+ {[%clk 0:01:20]} 29. Kh1 {[%clk 0:00:32]}  Qc6 {[%clk 0:01:10]} 30. Qf1 {[%clk 0:00:21]}  a6 {[%clk 0:01:09]} 31. Rb4 {[%clk 0:00:20]}  Ne5 {[%clk 0:01:05]} 32. Qg2 {[%clk 0:00:02]}  Qxf3 {[%clk 0:01:03]} 33. Qxf3 {[%clk 0:00:02]}  Nxf3 {[%clk 0:01:02]} 34. Rf1 {[%clk 0:00:02]}  Nxg5 {[%clk 0:00:58]} 35. Rxd4 {[%clk 0:00:02]}  Nxh3 {[%clk 0:00:55]} 36. Kh2 {[%clk 0:00:01]}  Ng5 {[%clk 0:00:54]} 37. c4 {[%clk 0:00:01]}  Nf7 {[%clk 0:00:53]} 38. c5 {[%clk 0:00:00]}  g5 {[%clk 0:00:48]} 0-1